| 000 | 00499nam a2200121Ia 4500 | ||
|---|---|---|---|
| 008 | 171212s9999 xx 000 0 und d | ||
| 100 | _aMoseley, Roger | ||
| 245 |
_cMoseley, Roger _aKeys to Play _bMusic as a Ludic Medium from Apollo to Nintendo |
||
| 260 |
_bUniversity of California Press _c2016 |
||
| 650 | _aMusic | ||
| 650 | _aMusic -- Performance -- History; Keyboards (Music) -- History; Play -- Cross-cultural studies; Electronic games | ||
| 856 | _uhttp://jstor.org/stable/10.1525/j.ctt1kc6k47 | ||
| 999 |
_c352973 _d352973 |
||